|
|
|
|
| LEADER |
02450nam a22004455i 4500 |
| 001 |
978-3-319-39605-7 |
| 003 |
DE-He213 |
| 005 |
20160831132726.0 |
| 007 |
cr nn 008mamaa |
| 008 |
160831s2017 gw | s |||| 0|eng d |
| 020 |
|
|
|a 9783319396057
|9 978-3-319-39605-7
|
| 024 |
7 |
|
|a 10.1007/978-3-319-39605-7
|2 doi
|
| 040 |
|
|
|d GrThAP
|
| 050 |
|
4 |
|a RC346-429.2
|
| 072 |
|
7 |
|a MJN
|2 bicssc
|
| 072 |
|
7 |
|a MED056000
|2 bisacsh
|
| 082 |
0 |
4 |
|a 616.8
|2 23
|
| 245 |
1 |
0 |
|a Vascular Neurology Board Review
|h [electronic resource] :
|b An Essential Study Guide /
|c edited by Hardik P. Amin, Joseph L. Schindler.
|
| 264 |
|
1 |
|a Cham :
|b Springer International Publishing :
|b Imprint: Springer,
|c 2017.
|
| 300 |
|
|
|a IX, 190 p. 63 illus., 45 illus. in color.
|b online resource.
|
| 336 |
|
|
|a text
|b txt
|2 rdacontent
|
| 337 |
|
|
|a computer
|b c
|2 rdamedia
|
| 338 |
|
|
|a online resource
|b cr
|2 rdacarrier
|
| 347 |
|
|
|a text file
|b PDF
|2 rda
|
| 505 |
0 |
|
|a Basic science and pathophysiology of cerebrovascular diseases -- Neuro-anatomy -- Clinical features of cerebrovascular disease -- Epidemiology -- Acute evaluation, treatment and management of stroke/vascular neurology patients -- Intracerebral hemorrhage -- Complications of stroke -- Causes of adult and pediatric stroke Stroke genetics -- Primary and secondary stroke prevention -- Stroke rehabilitation -- Pharmacology -- Neuro-radiology -- Neuro-pathology -- Stroke systems of care.
|
| 520 |
|
|
|a This concise, yet comprehensive review covers the diagnostic and treatment information needed for the vascular neurology board exam. The assembled material is easy-to-read with chapters emphasizing clinically relevant scientific principles that must be mastered by the stroke clinician. Neurology, vascular neurology and neuro-critical care residents and fellows will find this text to be an invaluable preparation guide and a succinct source to complement treatment guidelines and protocols.
|
| 650 |
|
0 |
|a Medicine.
|
| 650 |
|
0 |
|a Cardiology.
|
| 650 |
|
0 |
|a Neurology.
|
| 650 |
1 |
4 |
|a Medicine & Public Health.
|
| 650 |
2 |
4 |
|a Neurology.
|
| 650 |
2 |
4 |
|a Cardiology.
|
| 700 |
1 |
|
|a Amin, Hardik P.
|e editor.
|
| 700 |
1 |
|
|a Schindler, Joseph L.
|e editor.
|
| 710 |
2 |
|
|a SpringerLink (Online service)
|
| 773 |
0 |
|
|t Springer eBooks
|
| 776 |
0 |
8 |
|i Printed edition:
|z 9783319396033
|
| 856 |
4 |
0 |
|u http://dx.doi.org/10.1007/978-3-319-39605-7
|z Full Text via HEAL-Link
|
| 912 |
|
|
|a ZDB-2-SME
|
| 950 |
|
|
|a Medicine (Springer-11650)
|